Administrative Divisions of Liaoning - Statistics

General Stats
  • This quiz has been taken 8 times
  • The average score is 10 of 14
Answer Stats
City % Correct
Anshan
100%
Dalian
100%
Fushun
100%
Shenyang
100%
Dandong
86%
Yingkou
86%
Huludao
71%
Jinzhou
71%
Panjin
71%
Benxi
57%
Liaoyang
57%
Tieling
57%
Chaoyang
43%
Fuxin
43%
No matching quizzes found
Score Distribution
Percent of People with Each Score
Percentile by Number Answered
Your Score History
You have not taken this quiz